| 000 | 00818nam a22002177a 4500 | ||
|---|---|---|---|
| 999 |
_c17732 _d17732 |
||
| 003 | AR-CdUCM | ||
| 008 | 190509b ||||| |||| 00| 0 spa d | ||
| 040 |
_aMUNICIPALIDAD PROVINCIAL DEL CUSCO _cBIBLIOTECA MUNICIPAL DEL CUSCO |
||
| 082 |
_a334.942 / _bR68 |
||
| 100 |
_aRivera Campos, Julián. _937886 |
||
| 245 |
_aEl secreto de Rochdale : _bnueva filosofía de la vida / |
||
| 260 |
_aBuenos Aires : _bIntercoop Editora, _c1961. |
||
| 300 |
_a94 paginas ; _c19 cm. |
||
| 440 |
_aCuaderno de cultura cooperativa _937887 |
||
| 505 | _aContenido :El hombre y la filosofía -- Cooperación -- La angustia del hombre -- Los precursores -- La prueba del fuego... | ||
| 650 |
_aCooperativismo _97805 |
||
| 650 |
_aHistoria. _9136 |
||
| 650 |
_aInglaterra _91396 |
||
| 942 |
_2ddc _cLIBROS |
||
| 945 |
_awnts _d2019-05-09 |
||